| 000 | 00642nmc a2200265 a 4500 | ||
|---|---|---|---|
| 003 | AR-BaBNM | ||
| 005 | 20251128202654.0 | ||
| 008 | 087019s1974 ||||||||||||||000 | spa|| | ||
| 020 | _a84-334-0157-2 | ||
| 040 | _cAR-BaBNM | ||
| 100 | 1 | _aNabokov, Vladimir | |
| 245 | 1 | 0 | _aEl ojo |
| 250 | _a1ยช ed. | ||
| 260 |
_aBarcelona _bEdiciones Jucar _c1974 |
||
| 300 | 0 | _a142 p. | |
| 490 | 0 |
_aBiblioteca Jucar _vv. 17 |
|
| 650 | 4 | _aLITERATURA RUSA | |
| 650 | 4 | _aLITERATURA CONTEMPORANEA | |
| 653 | 0 | _aNOVELA POLICIAL | |
| 653 | 0 | _aNARRATIVA | |
| 655 | _aLITERATURA | ||
| 700 | 1 |
_aBofill, Mireia _etraductor |
|
| 942 | _cBK | ||
| 998 | _cMARTIN | ||
| 999 |
_c64 _d64 |
||